[Event "LTU-ch sf"]
[Site "Kaunas"]
[Date "2024.03.06"]
[Round "1"]
[White "Rimeikis, Andrius"]
[Black "Vazgauskas, Povilas"]
[Result "1-0"]
[WhiteElo "2108"]
[BlackElo "1629"]
[PlyCount "55"]
[EventDate "2024.03.06"]
[EventType "swiss"]
[EventRounds "8"]
[EventCountry "LTU"]
[SourceTitle "CB11_2024"]
[SourceDate "2024.03.13"]
[SourceVersion "1"]
[SourceVersionDate "2024.03.13"]
[SourceQuality "1"]

1. Nf3 d5 2. d4 Nf6 3. c4 e6 4. Nc3 c6 5. e3 b6 6. Bd3 Be7 7. 0-0 Nbd7 8. Qc2 Ba6 9. b3 0-0 10. e4 dxe4 11. Nxe4 Bb7 12. Rd1 Rc8 13. Bf4 Nxe4 14. Bxe4 Nf6 15. Bd3 h6 16. Qe2 Bd6 17. Ne5 Qe7 18. Bg3 c5 19. dxc5 bxc5 20. Bh4 g5 21. Bg3 Kg7 22. f4 Nh7 23. fxg5 hxg5 24. Bxh7 Bxe5 25. Bxe5+ f6 26. Bd6 Qf7 27. Bxf8+ Kxf8 28. Be4 1-0

[Event "Panevezys op-B"]
[Site "Panevezys"]
[Date "2022.07.02"]
[Round "3"]
[White "Vazgauskas, Povilas"]
[Black "Nainys, Zanas1111"]
[Result "0-1"]
[WhiteElo "1465"]
[BlackElo "1555"]
[PlyCount "74"]
[EventDate "2022.07.01"]
[EventType "swiss"]
[EventRounds "7"]
[EventCountry "LTU"]
[SourceTitle "EXT 2023"]
[Source "ChessBase"]
[SourceDate "2022.10.05"]
[SourceVersion "1"]
[SourceVersionDate "2022.10.05"]
[SourceQuality "1"]

1. e4 c5 2. Nf3 e6 3. c3 Nf6 4. Qc2 Nc6 5. d3 d5 6. e5 Nd7 7. Qe2 d4 8. g3 h6 9. Bg2 Qc7 10. 0-0 Ndxe5 11. Nxe5 Nxe5 12. f4 Nc6 13. c4 Be7 14. Re1 0-0 15. f5 Bf6 16. Bf4 e5 17. Bxc6 exf4 18. Be4 fxg3 19. h3 Re8 20. Qf3 Bg5 21. Kg2 Qb6 22. Re2 Qf6 23. Na3 Bxf5 24. Rae1 Rxe4 25. Rxe4 Bxe4 26. Rxe4 Qb6 27. Qe2 Be3 28. b3 Qc6 29. Qf3 Qa6 30. Re7 Rf8 31. Nb5 Qxa2+ 32. Kxg3 Qb1 33. h4 Qxd3 34. h5 Qb1 35. Rxb7 Qg1+ 36. Kh3 Bg5 37. Nd6 Qe3 0-1

[Event "LTU-ch sf"]
[Site "Kaunas"]
[Date "2021.09.26"]
[Round "4"]
[White "Vazgauskas, Povilas"]
[Black "Zalimas, Ugnius"]
[Result "1-0"]
[WhiteElo "1532"]
[BlackElo "1324"]
[PlyCount "63"]
[EventDate "2021.09.24"]
[EventType "swiss"]
[EventRounds "8"]
[EventCountry "LTU"]
[SourceTitle "EXT 2023"]
[Source "ChessBase"]
[SourceDate "2022.10.05"]
[SourceVersion "1"]
[SourceVersionDate "2022.10.05"]
[SourceQuality "1"]

1. e4 c5 2. Nf3 d6 3. c3 Nf6 4. Qc2 g6 5. Bb5+ Bd7 6. Bxd7+ Qxd7 7. 0-0 Bg7 8. e5 Ng4 9. exd6 Qxd6 10. Qe4 Qd7 11. Re1 Nf6 12. Qe3 b6 13. Ne5 Qc7 14. Qf3 Nh5 15. Qxf7+ Kd8 16. Qd5+ Kc8 17. Nf7 Rf8 18. Qxa8 Rxf7 19. Qd5 Rf6 20. g3 Nc6 21. Na3 a6 22. Nc4 b5 23. Ne3 Ne5 24. f4 Nxf4 25. gxf4 Rxf4 26. Rf1 Rh4 27. Rf2 Bh6 28. d4 Bxe3 29. Bxe3 Ng4 30. Rf8+ Qd8 31. Qa8+ Kc7 32. Bf4+ 1-0

[Event "LTU-ch sf"]
[Site "Kaunas"]
[Date "2021.09.25"]
[Round "2"]
[White "Morkunas, Gustas"]
[Black "Vazgauskas, Povilas"]
[Result "1-0"]
[WhiteElo "1885"]
[BlackElo "1532"]
[PlyCount "81"]
[EventDate "2021.09.24"]
[EventType "swiss"]
[EventRounds "8"]
[EventCountry "LTU"]
[SourceTitle "EXT 2023"]
[Source "ChessBase"]
[SourceDate "2022.10.05"]
[SourceVersion "1"]
[SourceVersionDate "2022.10.05"]
[SourceQuality "1"]

1. e4 e5 2. Nf3 Nf6 3. Nxe5 d6 4. Nf3 Nxe4 5. Qe2 Qe7 6. d3 Nf6 7. Bg5 Qxe2+ 8. Bxe2 Be7 9. Nc3 Bf5 10. Nd4 Bd7 11. Ncb5 Kd8 12. Bf3 c6 13. Nc3 Na6 14. 0-0-0 Nc5 15. Rde1 Ne6 16. Be3 Kc7 17. Nf5 Rhe8 18. Nxe7 Rxe7 19. h4 Ree8 20. g4 Nf8 21. Reg1 Ng6 22. g5 Ne5 23. gxf6 Nxf3 24. Rxg7 Ne5 25. Rxh7 Be6 26. Rg1 Rh8 27. Rgg7 Rxh7 28. Rxh7 Ng4 29. Ne4 Kd7 30. Bg5 c5 31. f3 Ne5 32. f4 Nf3 33. f5 Bd5 34. Nc3 Re8 35. b3 Kc6 36. Nxd5 Kxd5 37. Rxf7 Kd4 38. Re7 Rf8 39. f7 Ne5 40. Bf6 b6 41. Bg7 1-0

[Event "LTU-ch Amateurs"]
[Site "Kaunas"]
[Date "2020.08.30"]
[Round "6"]
[White "Greicius, Pijus"]
[Black "Vazgauskas, Povilas"]
[Result "1-0"]
[WhiteElo "1954"]
[BlackElo "1565"]
[PlyCount "91"]
[EventDate "2020.08.27"]
[EventType "swiss"]
[EventRounds "7"]
[EventCountry "LTU"]
[SourceTitle "EXT 2022"]
[Source "ChessBase"]
[SourceDate "2021.10.06"]
[SourceVersion "1"]
[SourceVersionDate "2021.10.06"]
[SourceQuality "1"]

1. Nf3 Nf6 2. c4 e6 3. g3 d5 4. Bg2 c5 5. 0-0 d4 6. d3 Bd6 7. e3 Qb6 8. Na3 a6 9. exd4 cxd4 10. Nc2 Nc6 11. b4 Be7 12. Rb1 a5 13. b5 Nb4 14. a3 Nxc2 15. Qxc2 0-0 16. Bb2 Bc5 17. Rbe1 a4 18. Re2 Rd8 19. Rfe1 Qd6 20. Qc1 h6 21. Qa1 Ra7 22. Bc1 b6 23. Bf4 Qe7 24. Ne5 Bd7 25. Bc6 Bd6 26. Qxd4 Bxe5 27. Qxe5 Bxc6 28. bxc6 Ng4 29. Qe4 e5 30. h3 Qxa3 31. Bc1 Qc5 32. hxg4 f6 33. Be3 Qb4 34. c5 Qxe4 35. dxe4 b5 36. Rb1 a3 37. Ra2 Rb8 38. c7 Rxc7 39. Rxa3 Kf8 40. Ra6 Ke8 41. Rb6 Rcc8 42. R1xb5 Rxb6 43. cxb6 Kd7 44. Rc5 Rxc5 45. Bxc5 Kc6 46. Bf8 1-0

[Event "LTU-ch Amateurs"]
[Site "Kaunas"]
[Date "2020.08.29"]
[Round "5"]
[White "Vazgauskas, Povilas"]
[Black "Mickunaite, Agne"]
[Result "1-0"]
[WhiteElo "1565"]
[BlackElo "1213"]
[PlyCount "123"]
[EventDate "2020.08.27"]
[EventType "swiss"]
[EventRounds "7"]
[EventCountry "LTU"]
[SourceTitle "EXT 2022"]
[Source "ChessBase"]
[SourceDate "2021.10.06"]
[SourceVersion "1"]
[SourceVersionDate "2021.10.06"]
[SourceQuality "1"]

1. e4 Nf6 2. Nc3 d6 3. d4 g6 4. Bg5 Bg7 5. Bb5+ Bd7 6. Qe2 a6 7. Bxd7+ Nbxd7 8. Nf3 h6 9. Be3 c5 10. 0-0 0-0 11. h3 b5 12. e5 dxe5 13. dxe5 Nh7 14. Bf4 Nb6 15. Rad1 Qc7 16. Bg3 Qc6 17. Rd3 c4 18. Rd2 b4 19. Ne4 Rfd8 20. Rfd1 Rxd2 21. Rxd2 Nf8 22. c3 a5 23. Qe3 Ne6 24. Nd4 Nxd4 25. Qxd4 Rc8 26. f4 e6 27. Nd6 Rd8 28. Bf2 Nc8 29. Qc5 Qxc5 30. Bxc5 Nxd6 31. Rxd6 Rxd6 32. exd6 bxc3 33. d7 Bf6 34. bxc3 Bd8 35. Kf2 f6 36. Ke3 Kf7 37. Kd4 g5 38. g3 Bc7 39. Kxc4 gxf4 40. gxf4 e5 41. fxe5 fxe5 42. Kd5 e4 43. Kc6 Bd8 44. Kb7 e3 45. Bxe3 Ke7 46. Bxh6 Kxd7 47. Bd2 Kd6 48. Be1 Kc5 49. h4 Kb5 50. Kc8 Bf6 51. Kd7 Ka4 52. Ke6 Bg7 53. c4 Ka3 54. c5 a4 55. c6 Kxa2 56. c7 a3 57. c8Q Bb2 58. Bc3 Ka1 59. h5 a2 60. Bxb2+ Kxb2 61. Qa6 a1Q 62. Qxa1+ 1-0

[Event "Vilnius Kraujunui 80"]
[Site "Vilnius"]
[Date "2020.08.15"]
[Round "9"]
[White "Steponavicius, Petras"]
[Black "Vazgauskas, Povilas"]
[Result "0-1"]
[WhiteElo "1772"]
[BlackElo "1565"]
[PlyCount "110"]
[EventDate "2020.08.05"]
[EventType "tourn"]
[EventRounds "9"]
[EventCountry "LTU"]
[SourceTitle "EXT 2021"]
[Source "ChessBase"]
[SourceDate "2020.10.23"]
[SourceVersion "1"]
[SourceVersionDate "2020.10.23"]
[SourceQuality "1"]

1. d4 Nf6 2. Bf4 e6 3. e3 d5 4. c3 Bd6 5. Bg3 h5 6. Nf3 a6 7. Nbd2 Ne4 8. Nxe4 dxe4 9. Nd2 f5 10. Be2 g6 11. Qb3 h4 12. Bxd6 cxd6 13. 0-0-0 Ke7 14. f3 exf3 15. gxf3 Nd7 16. Rhg1 Rh6 17. Rg5 b5 18. Rdg1 Nf8 19. e4 Qc7 20. Bd3 Kf6 21. f4 Rb8 22. Nf3 fxe4 23. Bxe4 d5 24. Bc2 Qxf4+ 25. Nd2 Qxg5 26. Rxg5 Kxg5 27. c4 Kf6 28. Qf3+ Kg7 29. cxd5 Rh5 30. dxe6 Bxe6 31. Qf4 Rc8 32. Kd1 h3 33. Be4 Rd8 34. Qc7+ Rd7 35. Qc3 Bd5 36. Bxd5 Rhxd5 37. Ke2 Ne6 38. Nf3 g5 39. Ke3 g4 40. Ne5 Re7 41. Qd3 Nxd4 42. Qg6+ Kf8 43. Qh6+ Rg7 44. Qh8+ Ke7 45. Qxg7+ Ke6 46. Qxg4+ Kxe5 47. Qe4+ Kd6 48. Qxd4 Rxd4 49. Kxd4 a5 50. b3 a4 51. b4 a3 52. Kc3 Ke5 53. Kb3 Kf4 54. Kxa3 Kf3 55. Kb3 Kg2 0-1

[Event "LTU-ch"]
[Site "Kaunas"]
[Date "2018.03.04"]
[Round "5"]
[White "Daudaravicius, Adomas"]
[Black "Vazgauskas, Povilas"]
[Result "1-0"]
[WhiteElo "1424"]
[BlackElo "1015"]
[PlyCount "69"]
[EventDate "2018.03.02"]
[EventType "swiss"]
[EventRounds "9"]
[EventCountry "LTU"]
[SourceTitle "CBM 183 Extra"]
[Source "ChessBase"]
[SourceDate "2018.04.19"]
[SourceVersion "1"]
[SourceVersionDate "2018.04.19"]
[SourceQuality "1"]

1. d4 e6 2. Nf3 d5 3. Bf4 Bd6 4. Bg3 Nf6 5. Nbd2 0-0 6. e3 Ne4 7. Nxe4 dxe4 8. Nd2 f5 9. Bc4 Kh8 10. Qe2 c6 11. a3 b5 12. Ba2 Qe7 13. c4 a6 14. b4 g5 15. c5 Bxg3 16. hxg3 g4 17. 0-0-0 a5 18. Nb3 axb4 19. axb4 Ra4 20. Na5 Rxb4 21. Bb3 Qc7 22. Qa2 Re8 23. Rh6 Na6 24. Rdh1 Re7 25. Qa1 Ra4 26. Bxa4 Qxa5 27. d5+ Kg8 28. Qf6 Rf7 29. Rg6+ Kf8 30. Qh8+ Ke7 31. d6+ Kd7 32. Rxh7 Qe1+ 33. Bd1 Qc3+ 34. Qxc3 Rxh7 35. Rg7+ 1-0